[Event "Mogliano Veneto op-B 43th"]
[Site "Mogliano Veneto"]
[Date "2023.04.23"]
[Round "1"]
[White "Dall'Anese, Davide"]
[Black "Scandiuzzi, Roberto"]
[Result "1-0"]
[WhiteElo "1639"]
[BlackElo "1203"]
[PlyCount "61"]
[EventDate "2023.04.23"]
[EventType "swiss"]
[EventRounds "5"]
[EventCountry "ITA"]
[SourceTitle "EXT 2024"]
[Source "ChessBase"]
[SourceDate "2023.10.10"]
[SourceVersion "1"]
[SourceVersionDate "2023.10.10"]
[SourceQuality "1"]

1. d4 d5 2. Bf4 Nf6 3. e3 e6 4. Nd2 c5 5. c3 Nbd7 6. h3 Qb6 7. Qc2 Bd6 8. Bxd6 Qxd6 9. Ngf3 cxd4 10. Nxd4 a6 11. Be2 Nc5 12. Bf3 0-0 13. Rd1 e5 14. N4b3 Be6 15. Nc4 Qc7 16. Nxc5 dxc4 17. Nxe6 fxe6 18. 0-0 Rad8 19. Qe2 e4 20. Bg4 Nxg4 21. Qxg4 Qe5 22. Qh4 g5 23. Qg4 Qf5 24. Rxd8 Rxd8 25. Qg3 e5 26. f4 exf3 27. Rxf3 Rd1+ 28. Kh2 Qb1 29. Qxg5+ Qg6 30. Qe7 Rd2 31. Rf8# 1-0

[Event "Mogliano Veneto op 42nd"]
[Site "Mogliano Veneto"]
[Date "2021.04.24"]
[Round "3"]
[White "Perossa, Nicolas"]
[Black "Dall'Anese, Davide"]
[Result "1-0"]
[WhiteElo "1626"]
[BlackElo "1434"]
[PlyCount "107"]
[EventDate "2021.04.23"]
[EventType "swiss"]
[EventRounds "5"]
[EventCountry "ITA"]
[SourceTitle "EXT 2023"]
[Source "ChessBase"]
[SourceDate "2022.10.05"]
[SourceVersion "1"]
[SourceVersionDate "2022.10.05"]
[SourceQuality "1"]

1. e4 e5 2. Nf3 Nf6 3. Nc3 d6 4. d4 exd4 5. Nxd4 a6 6. Be2 b5 7. a3 Bb7 8. Bf3 Nbd7 9. Bf4 h6 10. h3 g6 11. e5 Bxf3 12. Qxf3 Nxe5 13. Bxe5 dxe5 14. Nc6 Qd6 15. 0-0 Bg7 16. Rad1 Qe6 17. Rfe1 Nh5 18. Nxe5 0-0 19. Nd7 Qc4 20. Nxf8 Rxf8 21. Qd5 Qh4 22. Qc6 Nf6 23. Qxa6 b4 24. axb4 Qxb4 25. Qb5 Qf4 26. Ne2 Qe4 27. Qd3 Qb7 28. b3 Nh5 29. Ng3 Nf6 30. Ne4 Nh5 31. Qf3 Qb6 32. Ng3 Nf6 33. Rd3 Qa5 34. Red1 h5 35. Rd8 Rxd8 36. Rxd8+ Kh7 37. Rd1 Qc5 38. c4 Qb6 39. Qe3 Qxe3 40. fxe3 h4 41. Nh1 Bf8 42. Nf2 Bd6 43. Rd4 g5 44. Ne4 Nxe4 45. Rxe4 Kg6 46. Kf2 f5 47. Re6+ Kf7 48. Rxd6 cxd6 49. g3 hxg3+ 50. Kxg3 Ke6 51. h4 gxh4+ 52. Kxh4 Ke5 53. Kg5 Ke6 54. Kf4 1-0